[Event "DVM U10 2023"]
[Site "Magdeburg GER"]
[Date "2023.12.27"]
[Round "2"]
[White "Süßdorf, Can"]
[Black "Goebel, Johannes"]
[Result "0-1"]
[Termination "normal"]
[Board "15.2"]
[WhiteElo "928"]
[BlackElo "1043"]
[WhiteClock "00:17:09"]
[BlackClock "00:29:27"]
[WhiteTeam "SC Ramstein-Miesenbach"]
[BlackTeam "SK Marburg 1931/72"]
[PlyCount "114"]
[EventCountry "GER"]
[EventRounds "7"]
[EventType "team-swiss"]
[EventDate "2023.12.27"]

1. e4 {[%clk 00:55:08]} {[%emt 00:00:01]} e5 {[%clk 00:54:58]} {[%emt
00:00:11]} 2. Nf3 {[%clk 00:55:04]} {[%emt 00:00:09]} Nc6 {[%clk 00:54:49]}
{[%emt 00:00:15]} 3. Bc4 {[%clk 00:54:49]} {[%emt 00:00:20]} Bc5 {[%clk
00:54:13]} {[%emt 00:00:41]} 4. O-O {[%clk 00:54:25]} {[%emt 00:00:28]} Nf6
{[%clk 00:54:06]} {[%emt 00:00:13]} 5. Nc3 {[%clk 00:53:42]} {[%emt 00:00:47]}
O-O {[%clk 00:53:52]} {[%emt 00:00:20]} 6. d3 {[%clk 00:52:54]} {[%emt
00:00:53]} d6 {[%clk 00:53:33]} {[%emt 00:00:25]} 7. Bg5 {[%clk 00:52:46]}
{[%emt 00:00:10]} Bg4 {[%clk 00:52:34]} {[%emt 00:01:06]} 8. Bxf6 {[%clk
00:50:01]} {[%emt 00:02:49]} Qxf6 {[%clk 00:51:58]} {[%emt 00:00:42]} 9. h3
{[%clk 00:49:07]} {[%emt 00:01:00]} Bxf3 {[%clk 00:51:28]} {[%emt 00:00:35]}
10. Qxf3 {[%clk 00:48:38]} {[%emt 00:00:33]} Qxf3 {[%clk 00:51:18]} {[%emt
00:00:16]} 11. gxf3 {[%clk 00:48:34]} {[%emt 00:00:08]} Nd4 {[%clk 00:50:50]}
{[%emt 00:00:34]} 12. Rac1 {[%clk 00:48:18]} {[%emt 00:00:21]} Nxf3+ {[%clk
00:50:34]} {[%emt 00:00:21]} 13. Kg2 {[%clk 00:47:43]} {[%emt 00:00:39]} Nd2
{[%clk 00:49:15]} {[%emt 00:01:24]} 14. Rg1 {[%clk 00:47:18]} {[%emt 00:00:30]}
Nxc4 {[%clk 00:48:50]} {[%emt 00:00:29]} 15. dxc4 {[%clk 00:47:06]} {[%emt
00:00:18]} Bd4 {[%clk 00:48:14]} {[%emt 00:00:41]} 16. Na4 {[%clk 00:45:27]}
{[%emt 00:01:45]} a6 {[%clk 00:47:27]} {[%emt 00:00:52]} 17. c3 {[%clk
00:45:10]} {[%emt 00:00:21]} Bxf2 {[%clk 00:46:47]} {[%emt 00:00:45]} 18. Kxf2
{[%clk 00:45:06]} {[%emt 00:00:08]} b5 {[%clk 00:46:41]} {[%emt 00:00:13]} 19.
cxb5 {[%clk 00:44:41]} {[%emt 00:00:30]} axb5 {[%clk 00:46:16]} {[%emt
00:00:30]} 20. b4 {[%clk 00:42:05]} {[%emt 00:02:40]} Rxa4 {[%clk 00:45:56]}
{[%emt 00:00:25]} 21. Rc2 {[%clk 00:41:42]} {[%emt 00:00:29]} Rfa8 {[%clk
00:45:07]} {[%emt 00:00:52]} 22. Rg2 {[%clk 00:41:13]} {[%emt 00:00:35]} Rxa2
{[%clk 00:44:35]} {[%emt 00:00:38]} 23. Ke3 {[%clk 00:41:11]} {[%emt 00:00:04]}
Rxc2 {[%clk 00:44:20]} {[%emt 00:00:22]} 24. Rxc2 {[%clk 00:41:12]} {[%emt
00:00:04]} g6 {[%clk 00:43:50]} {[%emt 00:00:36]} 25. c4 {[%clk 00:40:31]}
{[%emt 00:00:43]} bxc4 {[%clk 00:43:28]} {[%emt 00:00:29]} 26. Rxc4 {[%clk
00:40:29]} {[%emt 00:00:07]} Ra3+ {[%clk 00:43:13]} {[%emt 00:00:20]} 27. Ke2
{[%clk 00:39:08]} {[%emt 00:01:26]} c5 {[%clk 00:42:05]} {[%emt 00:01:13]} 28.
b5 {[%clk 00:38:58]} {[%emt 00:00:16]} Rb3 {[%clk 00:41:42]} {[%emt 00:00:26]}
29. Rc2 {[%clk 00:37:57]} {[%emt 00:01:07]} Rxb5 {[%clk 00:41:23]} {[%emt
00:00:25]} 30. Rd2 {[%clk 00:37:49]} {[%emt 00:00:08]} Rb6 {[%clk 00:41:00]}
{[%emt 00:00:32]} 31. Ke3 {[%clk 00:37:14]} {[%emt 00:00:39]} c4 {[%clk
00:40:00]} {[%emt 00:01:06]} 32. h4 {[%clk 00:36:27]} {[%emt 00:00:52]} Rc6
{[%clk 00:39:34]} {[%emt 00:00:32]} 33. Rd5 {[%clk 00:34:40]} {[%emt 00:01:52]}
c3 {[%clk 00:39:06]} {[%emt 00:00:33]} 34. Rd1 {[%clk 00:32:32]} {[%emt
00:02:12]} c2 {[%clk 00:38:54]} {[%emt 00:00:17]} 35. Rc1 {[%clk 00:32:23]}
{[%emt 00:00:14]} f5 {[%clk 00:38:41]} {[%emt 00:00:18]} 36. Kd3 {[%clk
00:31:57]} {[%emt 00:00:32]} fxe4+ {[%clk 00:38:19]} {[%emt 00:00:27]} 37. Kxe4
{[%clk 00:31:18]} {[%emt 00:00:44]} Rc8 {[%clk 00:37:27]} {[%emt 00:00:56]} 38.
Kd5 {[%clk 00:30:51]} {[%emt 00:00:32]} Kf7 {[%clk 00:37:08]} {[%emt 00:00:24]}
39. Ke4 {[%clk 00:30:36]} {[%emt 00:00:21]} Kf6 {[%clk 00:37:03]} {[%emt
00:00:10]} 40. Rf1+ {[%clk 00:30:28]} {[%emt 00:00:13]} Ke6 {[%clk 00:36:40]}
{[%emt 00:00:28]} 41. Rc1 {[%clk 00:29:55]} {[%emt 00:00:37]} d5+ {[%clk
00:36:27]} {[%emt 00:00:19]} 42. Ke3 {[%emt 00:00:18]} e4 {[%clk 00:35:53]}
{[%emt 00:00:37]} 43. Kf4 {[%clk 00:28:39]} {[%emt 00:01:09]} Kf6 {[%clk
00:35:32]} {[%emt 00:00:27]} 44. Ke3 {[%clk 00:27:48]} {[%emt 00:00:55]} Ke5
{[%clk 00:35:11]} {[%emt 00:00:26]} 45. Ke2 {[%clk 00:27:38]} {[%emt 00:00:13]}
d4 {[%clk 00:34:36]} {[%emt 00:00:42]} 46. Kd2 {[%clk 00:23:40]} {[%emt
00:04:03]} d3 {[%clk 00:33:50]} {[%emt 00:00:51]} 47. Ke3 {[%clk 00:20:50]}
{[%emt 00:02:55]} Kf5 {[%clk 00:33:24]} {[%emt 00:00:30]} 48. Kd2 {[%clk
00:20:03]} {[%emt 00:00:53]} g5 {[%clk 00:32:49]} {[%emt 00:00:41]} 49. Rf1+
{[%clk 00:19:50]} {[%emt 00:00:17]} Kg4 {[%clk 00:32:25]} {[%emt 00:00:30]} 50.
Rg1+ {[%clk 00:19:28]} {[%emt 00:00:26]} Kxh4 {[%clk 00:32:08]} {[%emt
00:00:22]} 51. Rc1 {[%clk 00:19:16]} {[%emt 00:00:17]} g4 {[%clk 00:31:49]}
{[%emt 00:00:24]} 52. Ke3 {[%clk 00:18:56]} {[%emt 00:00:25]} g3 {[%clk
00:31:39]} {[%emt 00:00:16]} 53. Rh1+ {[%clk 00:18:56]} {[%emt 00:00:05]} Kg4
{[%clk 00:31:31]} {[%emt 00:00:12]} 54. Kxe4 {[%clk 00:18:19]} {[%emt
00:00:42]} c1=Q {[%clk 00:31:02]} {[%emt 00:00:34]} 55. Rxh7 {[%clk 00:18:06]}
{[%emt 00:00:18]} Qc4+ {[%clk 00:30:27]} {[%emt 00:00:40]} 56. Ke3 {[%clk
00:17:37]} {[%emt 00:00:35]} Re8+ {[%clk 00:29:41]} {[%emt 00:00:51]} 57. Kd2
{[%clk 00:17:09]} {[%emt 00:00:26]} Qc2# {[%clk 00:29:27]} {[%emt 00:00:25]}
0-1

[Event "DVM U10 2023"]
[Site "Magdeburg GER"]
[Date "2023.12.27"]
[Round "2"]
[White "Balthasar, Johann"]
[Black "Ziem, Ole"]
[Result "0-1"]
[Termination "normal"]
[Board "16.1"]
[WhiteElo "911"]
[BlackElo "1391"]
[WhiteClock "00:20:21"]
[BlackClock "00:37:52"]
[WhiteTeam "SC Turm Erfurt"]
[BlackTeam "USC Magdeburg"]
[PlyCount "52"]
[BlackFideId "34624791"]
[EventCountry "GER"]
[EventRounds "7"]
[EventType "team-swiss"]
[EventDate "2023.12.27"]

1. e4 {[%clk 00:55:08]} e5 {[%clk 00:54:58]} {[%emt 00:00:13]} 2. Nf3 {[%clk
00:54:55]} {[%emt 00:00:18]} Nc6 {[%clk 00:54:48]} {[%emt 00:00:16]} 3. d4
{[%clk 00:54:25]} {[%emt 00:00:35]} exd4 {[%clk 00:54:36]} {[%emt 00:00:16]} 4.
Bc4 {[%clk 00:53:42]} {[%emt 00:00:48]} Nf6 {[%clk 00:54:13]} {[%emt 00:00:28]}
5. O-O {[%clk 00:52:52]} {[%emt 00:00:53]} d6 {[%clk 00:52:40]} {[%emt
00:01:40]} 6. Bf4 {[%clk 00:51:52]} {[%emt 00:01:03]} Bg4 {[%clk 00:51:26]}
{[%emt 00:01:21]} 7. Qe2 {[%clk 00:50:42]} {[%emt 00:01:12]} Ne5 {[%clk
00:50:13]} {[%emt 00:01:22]} 8. Nbd2 {[%clk 00:49:46]} {[%emt 00:01:01]} Be7
{[%clk 00:49:30]} {[%emt 00:00:48]} 9. Bxe5 {[%clk 00:47:20]} {[%emt 00:02:21]}
dxe5 {[%clk 00:49:27]} {[%emt 00:00:17]} 10. Qd3 {[%clk 00:47:00]} {[%emt
00:00:22]} Bd6 {[%clk 00:47:22]} {[%emt 00:02:14]} 11. c3 {[%clk 00:44:53]}
{[%emt 00:02:06]} c5 {[%clk 00:45:27]} {[%emt 00:02:05]} 12. a3 {[%clk
00:39:50]} {[%emt 00:05:08]} a6 {[%clk 00:44:10]} {[%emt 00:01:23]} 13. b4
{[%clk 00:38:43]} {[%emt 00:01:12]} b5 {[%clk 00:43:08]} {[%emt 00:01:08]} 14.
Bd5 {[%clk 00:38:01]} {[%emt 00:00:45]} Nxd5 {[%clk 00:40:38]} {[%emt
00:02:35]} 15. exd5 {[%clk 00:37:25]} {[%emt 00:00:22]} O-O {[%clk 00:39:54]}
{[%emt 00:01:08]} 16. Ne4 {[%clk 00:35:29]} {[%emt 00:02:01]} c4 {[%clk
00:39:05]} {[%emt 00:00:54]} 17. Qc2 {[%clk 00:33:37]} {[%emt 00:01:54]} d3
{[%clk 00:38:57]} {[%emt 00:00:17]} 18. Qd2 {[%clk 00:33:09]} {[%emt 00:00:31]}
Bxf3 {[%clk 00:38:44]} {[%emt 00:00:19]} 19. gxf3 {[%clk 00:32:32]} {[%emt
00:00:24]} f5 {[%clk 00:38:10]} {[%emt 00:00:57]} 20. Nxd6 {[%emt 00:00:58]}
Qxd6 {[%emt 00:00:10]} 21. a4 {[%clk 00:25:38]} {[%emt 00:05:50]} Qxd5 {[%clk
00:38:00]} {[%emt 00:00:17]} 22. axb5 {[%emt 00:00:06]} axb5 {[%emt 00:00:09]}
23. Rxa8 {[%clk 00:23:25]} {[%emt 00:01:42]} Rxa8 {[%clk 00:38:00]} {[%emt
00:00:25]} 24. f4 {[%clk 00:21:42]} {[%emt 00:01:48]} Ra6 {[%clk 00:37:52]}
{[%emt 00:00:14]} 25. fxe5 {[%clk 00:20:47]} {[%emt 00:00:45]} Rg6+ {[%clk
00:37:53]} {[%emt 00:00:18]} 26. Qg5 {[%clk 00:20:21]} {[%emt 00:00:30]} Rxg5#
{[%clk 00:37:52]} {[%emt 00:00:07]} 0-1

[Event "DVM U10 2023"]
[Site "Magdeburg GER"]
[Date "2023.12.27"]
[Round "2"]
[White "Tran, Gia Huy"]
[Black "Buff, Hannes"]
[Result "0-1"]
[Termination "normal"]
[Board "16.2"]
[WhiteElo "1200"]
[BlackElo "849"]
[WhiteClock "00:13:23"]
[BlackClock "00:13:05"]
[WhiteTeam "USC Magdeburg"]
[BlackTeam "SC Turm Erfurt"]
[PlyCount "114"]
[WhiteFideId "34624813"]
[EventCountry "GER"]
[EventRounds "7"]
[EventType "team-swiss"]
[EventDate "2023.12.27"]

1. e4 {[%clk 00:55:07]} {[%emt 00:00:02]} c5 {[%clk 00:55:05]} {[%emt
00:00:07]} 2. Nf3 {[%clk 00:55:04]} {[%emt 00:00:07]} d6 {[%clk 00:55:01]}
{[%emt 00:00:09]} 3. d4 {[%clk 00:54:42]} {[%emt 00:00:27]} cxd4 {[%clk
00:54:56]} {[%emt 00:00:10]} 4. Nxd4 {[%clk 00:54:35]} {[%emt 00:00:12]} Nf6
{[%clk 00:54:47]} {[%emt 00:00:14]} 5. Nc3 {[%clk 00:54:24]} {[%emt 00:00:16]}
g6 {[%clk 00:54:39]} {[%emt 00:00:13]} 6. Bc4 {[%clk 00:54:00]} {[%emt
00:00:29]} Bg7 {[%clk 00:54:26]} {[%emt 00:00:17]} 7. Be3 {[%clk 00:53:26]}
{[%emt 00:00:40]} Nc6 {[%clk 00:54:00]} {[%emt 00:00:31]} 8. f3 {[%clk
00:52:38]} {[%emt 00:00:54]} Nxd4 {[%clk 00:53:33]} {[%emt 00:00:30]} 9. Bxd4
{[%clk 00:52:17]} {[%emt 00:00:26]} O-O {[%clk 00:53:13]} {[%emt 00:00:26]} 10.
Qd2 {[%clk 00:51:59]} {[%emt 00:00:23]} a6 {[%clk 00:51:39]} {[%emt 00:01:39]}
11. O-O-O {[%clk 00:51:43]} {[%emt 00:00:20]} b5 {[%clk 00:50:59]} {[%emt
00:00:45]} 12. Bb3 {[%clk 00:50:51]} {[%emt 00:00:58]} Be6 {[%clk 00:48:53]}
{[%emt 00:01:08]} 13. Be3 {[%clk 00:50:35]} {[%emt 00:01:24]} Bxb3 {[%clk
00:48:37]} {[%emt 00:00:21]} 14. axb3 {[%clk 00:50:08]} {[%emt 00:00:32]} b4
{[%clk 00:46:06]} {[%emt 00:02:36]} 15. Ne2 {[%clk 00:49:02]} {[%emt 00:01:11]}
Qa5 {[%clk 00:45:53]} {[%emt 00:00:18]} 16. c3 {[%clk 00:48:07]} {[%emt
00:01:00]} Rac8 {[%clk 00:45:04]} {[%emt 00:00:54]} 17. Bd4 {[%clk 00:46:40]}
{[%emt 00:01:32]} Rc6 {[%clk 00:43:33]} {[%emt 00:01:36]} 18. Kb1 {[%clk
00:46:12]} {[%emt 00:00:33]} bxc3 {[%clk 00:43:08]} {[%emt 00:00:30]} 19. Bxc3
{[%clk 00:45:18]} {[%emt 00:01:00]} Qb5 {[%clk 00:41:48]} {[%emt 00:01:25]} 20.
Nd4 {[%clk 00:44:34]} {[%emt 00:00:49]} Qb7 {[%clk 00:41:01]} {[%emt 00:00:51]}
21. Nxc6 {[%clk 00:43:55]} {[%emt 00:00:44]} Qxc6 {[%clk 00:40:52]} {[%emt
00:00:14]} 22. Rc1 {[%clk 00:43:08]} {[%emt 00:00:53]} Qb5 {[%clk 00:40:12]}
{[%emt 00:00:45]} 23. Ka2 {[%clk 00:42:17]} {[%emt 00:00:56]} h5 {[%clk
00:39:45]} {[%emt 00:00:31]} 24. h3 {[%clk 00:41:31]} {[%emt 00:00:51]} Kh7
{[%clk 00:39:35]} {[%emt 00:00:15]} 25. g4 {[%clk 00:40:50]} {[%emt 00:00:46]}
Bh6 {[%clk 00:39:24]} {[%emt 00:00:16]} 26. g5 {[%clk 00:40:16]} {[%emt
00:00:39]} Bxg5 {[%clk 00:39:13]} {[%emt 00:00:13]} 27. f4 {[%clk 00:38:50]}
{[%emt 00:01:35]} Nxe4 {[%clk 00:39:03]} {[%emt 00:00:15]} 28. Qe3 {[%clk
00:38:01]} {[%emt 00:00:53]} Nxc3+ {[%emt 00:00:30]} 29. bxc3 {[%emt 00:00:35]}
Bf6 {[%clk 00:36:16]} {[%emt 00:01:47]} 30. Rhg1 {[%clk 00:36:14]} {[%emt
00:01:52]} a5 {[%clk 00:33:24]} {[%emt 00:02:57]} 31. Qf3 {[%clk 00:34:49]}
{[%emt 00:01:30]} e6 {[%clk 00:32:00]} {[%emt 00:01:29]} 32. f5 {[%clk
00:33:07]} {[%emt 00:01:47]} exf5 {[%clk 00:31:21]} {[%emt 00:00:44]} 33. Rcd1
{[%clk 00:30:55]} {[%emt 00:02:18]} Qc5 {[%clk 00:30:02]} {[%emt 00:01:24]} 34.
Kb2 {[%clk 00:30:01]} {[%emt 00:00:59]} Rc8 {[%clk 00:28:03]} {[%emt 00:02:03]}
35. Rd3 {[%clk 00:28:00]} {[%emt 00:02:07]} Qxg1 {[%clk 00:27:50]} {[%emt
00:00:16]} 36. Qb7 {[%clk 00:24:37]} {[%emt 00:03:30]} Rf8 {[%clk 00:27:02]}
{[%emt 00:00:53]} 37. Kc2 {[%clk 00:23:17]} {[%emt 00:01:25]} Qh2+ {[%clk
00:25:51]} {[%emt 00:01:15]} 38. Rd2 {[%clk 00:22:23]} {[%emt 00:00:59]} Qxh3
{[%clk 00:22:49]} {[%emt 00:00:20]} 39. Qc7 {[%clk 00:21:53]} {[%emt 00:03:23]}
Kg7 {[%clk 00:20:17]} {[%emt 00:02:34]} 40. Qxa5 {[%clk 00:20:25]} {[%emt
00:01:35]} Rc8 {[%clk 00:19:42]} {[%emt 00:00:39]} 41. c4 {[%clk 00:19:38]}
{[%emt 00:00:53]} Rb8 {[%clk 00:18:41]} {[%emt 00:01:04]} 42. Qa2 {[%clk
00:18:14]} {[%emt 00:01:31]} Qc3+ {[%clk 00:18:15]} {[%emt 00:00:32]} 43. Kd1
{[%clk 00:17:29]} {[%emt 00:00:50]} Qxb3+ {[%clk 00:17:54]} {[%emt 00:00:24]}
44. Qxb3 {[%clk 00:17:07]} {[%emt 00:00:28]} Rxb3 {[%clk 00:17:43]} {[%emt
00:00:16]} 45. Rxd6 {[%clk 00:16:46]} {[%emt 00:00:26]} h4 {[%clk 00:17:25]}
{[%emt 00:00:23]} 46. Rd2 {[%clk 00:16:33]} {[%emt 00:00:18]} h3 {[%clk
00:16:53]} {[%emt 00:00:37]} 47. c5 {[%clk 00:15:56]} {[%emt 00:00:43]} Rc3
{[%clk 00:16:38]} {[%emt 00:00:20]} 48. Rh2 {[%clk 00:15:34]} {[%emt 00:00:27]}
g5 {[%clk 00:16:04]} {[%emt 00:00:37]} 49. Kd2 {[%clk 00:15:11]} {[%emt
00:00:29]} g4 {[%clk 00:15:42]} {[%emt 00:00:27]} 50. c6 {[%clk 00:14:58]}
{[%emt 00:00:19]} Rxc6 {[%clk 00:15:33]} {[%emt 00:00:13]} 51. Ke3 {[%clk
00:14:49]} {[%emt 00:00:14]} Rc4 {[%clk 00:14:45]} {[%emt 00:00:53]} 52. Kf2
{[%clk 00:14:17]} {[%emt 00:00:37]} Rc2+ {[%clk 00:14:19]} {[%emt 00:00:31]}
53. Kg1 {[%clk 00:14:11]} {[%emt 00:00:12]} Bd4+ {[%clk 00:13:43]} {[%emt
00:00:41]} 54. Kf1 {[%clk 00:13:35]} {[%emt 00:00:40]} Rxh2 {[%clk 00:13:33]}
{[%emt 00:00:13]} 55. Ke1 {[%clk 00:13:31]} {[%emt 00:00:11]} Rf2 {[%clk
00:13:18]} {[%emt 00:00:20]} 56. Kd1 {[%clk 00:13:24]} {[%emt 00:00:12]} h2
{[%clk 00:13:13]} {[%emt 00:00:10]} 57. Ke1 {[%clk 00:13:23]} {[%emt 00:00:07]}
h1=Q# {[%clk 00:13:05]} {[%emt 00:00:12]} 0-1

[Event "DVM U10 2023"]
[Site "Magdeburg GER"]
[Date "2023.12.27"]
[Round "2"]
[White "Birkoben, Georgi"]
[Black "Kalusche, Jannes"]
[Result "1-0"]
[Termination "normal"]
[Board "16.3"]
[WhiteElo "934"]
[BlackElo "846"]
[WhiteClock "00:24:41"]
[BlackClock "00:17:50"]
[WhiteTeam "SC Turm Erfurt"]
[BlackTeam "USC Magdeburg"]
[PlyCount "99"]
[EventCountry "GER"]
[EventRounds "7"]
[EventType "team-swiss"]
[EventDate "2023.12.27"]

1. e4 {[%clk 00:55:07]} {[%emt 00:00:03]} e5 {[%clk 00:54:59]} {[%emt
00:00:11]} 2. Nf3 {[%clk 00:55:07]} {[%emt 00:00:05]} Nc6 {[%clk 00:54:55]}
{[%emt 00:00:08]} 3. d4 {[%clk 00:54:55]} {[%emt 00:00:17]} Bd6 {[%clk
00:53:42]} {[%emt 00:01:18]} 4. d5 {[%clk 00:54:26]} {[%emt 00:00:34]} Nce7
{[%clk 00:53:06]} {[%emt 00:00:42]} 5. Nc3 {[%clk 00:53:52]} {[%emt 00:00:38]}
Bc5 {[%clk 00:51:48]} {[%emt 00:01:23]} 6. Bc4 {[%clk 00:52:50]} {[%emt
00:01:09]} Nf6 {[%clk 00:50:41]} {[%emt 00:01:11]} 7. O-O {[%clk 00:51:37]}
{[%emt 00:01:19]} O-O {[%clk 00:50:41]} {[%emt 00:00:04]} 8. Re1 {[%clk
00:49:52]} {[%emt 00:01:49]} c6 {[%clk 00:50:13]} {[%emt 00:00:34]} 9. Be3
{[%clk 00:48:53]} {[%emt 00:01:04]} d6 {[%clk 00:49:00]} {[%emt 00:01:17]} 10.
Bxc5 {[%clk 00:47:25]} {[%emt 00:01:33]} dxc5 {[%clk 00:48:41]} {[%emt
00:00:23]} 11. dxc6 {[%clk 00:46:17]} {[%emt 00:01:15]} bxc6 {[%clk 00:47:26]}
{[%emt 00:00:31]} 12. Qxd8 {[%clk 00:45:03]} {[%emt 00:02:07]} Rxd8 {[%clk
00:47:11]} {[%emt 00:00:19]} 13. Rad1 {[%clk 00:44:33]} {[%emt 00:00:37]} Be6
{[%clk 00:45:40]} {[%emt 00:01:35]} 14. Rxd8+ {[%clk 00:43:24]} {[%emt
00:01:12]} Rxd8 {[%clk 00:43:38]} {[%emt 00:02:10]} 15. Bxe6 {[%clk 00:41:59]}
{[%emt 00:01:30]} fxe6 {[%clk 00:43:37]} {[%emt 00:00:05]} 16. h3 {[%clk
00:40:41]} {[%emt 00:01:24]} Rb8 {[%clk 00:41:00]} {[%emt 00:02:41]} 17. Na4
{[%clk 00:39:42]} {[%emt 00:01:04]} Nd7 {[%clk 00:40:08]} {[%emt 00:00:57]} 18.
Rd1 {[%clk 00:38:47]} {[%emt 00:01:01]} Rd8 {[%clk 00:38:43]} {[%emt 00:01:27]}
19. Nxe5 {[%clk 00:38:14]} {[%emt 00:00:40]} Ng6 {[%clk 00:37:00]} {[%emt
00:01:48]} 20. Nxd7 {[%clk 00:37:04]} {[%emt 00:01:15]} Ne5 {[%clk 00:36:17]}
{[%emt 00:00:48]} 21. Naxc5 {[%clk 00:35:43]} {[%emt 00:01:26]} a6 {[%clk
00:34:57]} {[%emt 00:01:24]} 22. a3 {[%clk 00:34:10]} {[%emt 00:01:40]} Nc4
{[%clk 00:34:28]} {[%emt 00:00:34]} 23. Nf6+ {[%clk 00:33:27]} {[%emt
00:00:49]} Kf7 {[%clk 00:32:57]} {[%emt 00:01:35]} 24. Rxd8 {[%clk 00:33:23]}
{[%emt 00:00:09]} Nb6 {[%clk 00:32:44]} {[%emt 00:00:18]} 25. Nxh7 {[%clk
00:32:59]} {[%emt 00:00:29]} Ke7 {[%clk 00:32:35]} {[%emt 00:00:14]} 26. Rb8
{[%clk 00:32:04]} {[%emt 00:01:00]} Nd7 {[%clk 00:32:24]} {[%emt 00:00:16]} 27.
Nxd7 {[%clk 00:31:46]} {[%emt 00:00:23]} Kxd7 {[%clk 00:32:16]} {[%emt
00:00:12]} 28. Rb7+ {[%clk 00:31:11]} {[%emt 00:00:40]} Kd6 {[%clk 00:32:09]}
{[%emt 00:00:12]} 29. Rxg7 {[%clk 00:30:52]} {[%emt 00:00:26]} Kc5 {[%clk
00:31:27]} {[%emt 00:00:46]} 30. Rg6 {[%emt 00:02:24]} Kd6 {[%emt 00:00:15]}
31. Rg7 {[%emt 00:00:01]} Kc5 {[%emt 00:00:01]} 32. Rg6 Kd4 {[%clk 00:28:53]}
{[%emt 00:01:17]} 33. Rxe6 {[%clk 00:28:36]} {[%emt 00:01:05]} c5 {[%clk
00:28:19]} {[%emt 00:00:38]} 34. Rxa6 {[%clk 00:28:38]} {[%emt 00:00:05]} Kxe4
{[%clk 00:26:51]} {[%emt 00:01:32]} 35. g4 {[%clk 00:28:20]} {[%emt 00:00:24]}
Kf4 {[%clk 00:26:10]} {[%emt 00:00:46]} 36. g5 {[%clk 00:28:15]} {[%emt
00:00:10]} Kf5 {[%clk 00:25:30]} {[%emt 00:00:44]} 37. g6 {[%clk 00:28:08]}
{[%emt 00:00:13]} Ke5 {[%clk 00:24:01]} {[%emt 00:01:32]} 38. g7 {[%clk
00:28:09]} {[%emt 00:00:06]} Kd5 {[%clk 00:22:36]} {[%emt 00:01:40]} 39. g8=Q+
{[%clk 00:27:16]} {[%emt 00:00:07]} Ke5 {[%clk 00:22:30]} {[%emt 00:01:02]} 40.
Qg5+ {[%clk 00:27:14]} {[%emt 00:00:07]} Kd4 {[%emt 00:00:24]} 41. Ra4+ {[%emt
00:00:09]} c4 {[%clk 00:21:42]} {[%emt 00:00:19]} 42. c3+ {[%clk 00:27:06]}
{[%emt 00:00:14]} Ke4 {[%clk 00:21:27]} {[%emt 00:00:20]} 43. Rxc4+ {[%clk
00:26:55]} {[%emt 00:00:17]} Kd3 {[%clk 00:21:03]} {[%emt 00:00:28]} 44. Rh4
{[%clk 00:26:51]} {[%emt 00:00:09]} Ke2 {[%clk 00:19:38]} {[%emt 00:01:29]} 45.
Qe5+ {[%emt 00:00:20]} Kd3 {[%emt 00:00:46]} 46. Qd4+ {[%clk 00:25:35]} {[%emt
00:00:16]} Ke2 {[%clk 00:19:15]} {[%emt 00:00:26]} 47. Re4+ {[%clk 00:25:14]}
{[%emt 00:00:28]} Kf3 {[%clk 00:18:45]} {[%emt 00:01:05]} 48. Rf4+ {[%clk
00:25:09]} {[%emt 00:00:11]} Ke2 {[%clk 00:18:26]} {[%emt 00:00:23]} 49. b4
{[%clk 00:24:38]} {[%emt 00:00:36]} Ke1 {[%clk 00:17:50]} {[%emt 00:00:40]} 50.
Re4# {[%clk 00:24:41]} {[%emt 00:00:03]} 1-0